| 000 | 005670000a22002050004500 | ||
|---|---|---|---|
| 003 | LK-CoMWRAF | ||
| 005 | 20230923233733.0 | ||
| 008 | 230817t ||||| |||| 00| 0 eng d | ||
| 040 |
_aLK-CoMWRAF _dLK-CoMWRAF _eLK-CoMWRAF |
||
| 041 | _aeng | ||
| 082 |
_a297.4 _bLEB |
||
| 100 | _aLebbe, M.C.Siddi | ||
| 245 |
_aAsrar-Ul-Aalam : _b(Mysteries of the universe) |
||
| 260 |
_aSri Lanka : _bMoors Islamic cultural home, _c1983 |
||
| 300 | _a157p | ||
| 650 | _aIslam -- Miscellanea | ||
| 650 | _aSufism -- Miscellanea | ||
| 650 | _aIslamic philosophy | ||
| 942 | _cBK | ||
| 999 |
_c1183 _d1183 |
||